01065nam a2200277 u 450000100070000000500170000700800410002403500110006504000130007604100080008908200080009710000470010524500660015226000430021830000140026165000290027565000250030465000370032965000330036665000180039965000410041765000360045865000500049470000470054450001960059113294420260506072805.0970715s1997 ||||||m| spa  a132944 ccomduadb aspa 4a62110aEchavarria Correa, Jaime Eduardo4auteaut10aInstrumentacion digital para generadores de energia electrica aMedellín :b[sin publicador],c1997. a115 hojas aGeneradores eléctricos aAntioquia (Colombia) aProyecto electrico de San Carlos aProyectos de sistematizacion aTransductores 7aTransformadores eléctricos2armarc 7aProgramas para computador2lemb aCoordinación de protecciones (Electricidad)10aPolania Farfan, Francisco Emilio4auteaut aTesis (Especialista en Ciencias Electrónicas e Informática con Énfasis en Telemática) Universidad de Antioquia Departamento de Ingeniería Electrónica - Título del grado otorgado